000
00235nam a2200097Ia 4500
001
1249940
005
20251031150846.0
008
251031s9999 xx 000 0 und d
245
0
_c
AYŞE KULİN
_a
A-1 HANDAN
260
_b
EVERET YAYINLARI
999
_c
1249940
_d
1249940